Kulit kura-kura retak
| Main Author: | |
|---|---|
| Format: | Book |
| Published: |
Selangor :
Junior pages publications ,
2006
|
MARC
| LEADER | 00000cam a2200000 7i4500 | ||
|---|---|---|---|
| 001 | 0000072527 | ||
| 005 | 20170515.0 | ||
| 008 | 170515 | ||
| 020 | |a 9833330452 | ||
| 090 | 0 | 0 | |a JF |b MAL |
| 100 | 1 | |a Rubiah Jusoh | |
| 245 | 1 | 0 | |a Kulit kura-kura retak |c Rubiah Jusoh |
| 260 | |a Selangor : |b Junior pages publications , |c 2006 | ||
| 999 | |a 0001078726 |b Book |c Children Collection |e Cawangan Pontian | ||